000 00235nam a22000857a 4500
999 _c11546
_d11546
008 190618b ||||| |||| 00| 0 eng d
100 _aMeyer .J
_95958
245 _aSecrets to Exceptional Living
260 _aokilahoma
_bHarrison house
_c1987